000 00462nam a2200193Ia 4500
003 OSt
005 20260429092451.0
020 _a978-1-285-55443-3
040 _cLIBRARY OF CONGRESS
050 _aHB 171.5 .T83 2014
100 _aTUCKER, IRVIN B.
245 0 _aPRINCIPLES OF ECONOMICS
250 _a8
260 _aMASON,OHIO
_bCENGAGE LEARNING
_c2014
300 _aXXXI,912P.:ILL
500 _aINCLUDES AN INDEX
600 _aECONOMICS
942 _cBK
_2lcc
999 _c73724
_d73724